[Event "Titled Tuesday intern op 25th Feb Early"]
[Site "Chess.com INT"]
[Date "2025.02.25"]
[Round "1"]
[White "Shubin, Kirill"]
[Black "Gatterer, Florian"]
[Result "1-0"]
[WhiteElo "2455"]
[BlackElo "2211"]
[PlyCount "63"]
[EventDate "2025.02.25"]
[EventType "swiss (blitz)"]
[EventRounds "11"]
[EventCountry "USA"]
[SourceTitle "CB10_2025"]
[SourceDate "2025.03.05"]
[SourceVersion "1"]
[SourceVersionDate "2025.03.05"]
[SourceQuality "1"]

1. e4 e5 2. Nf3 Nc6 3. Bc4 Bc5 4. c3 Nf6 5. d3 d6 6. 0-0 a5 7. Bg5 h6 8. Bh4 Ba7 9. Nbd2 g5 10. Bg3 Qe7 11. Re1 Be6 12. Bb5 Bd7 13. d4 g4 14. Bxc6 bxc6 15. dxe5 Nh5 16. exd6 cxd6 17. Nd4 Nxg3 18. hxg3 Bxd4 19. cxd4 h5 20. Nc4 Rb8 21. d5 Kf8 22. b3 h4 23. dxc6 hxg3 24. fxg3 Bxc6 25. Qd4 Rh6 26. Nxa5 Bd7 27. Nc4 Qg5 28. Rad1 Qh5 29. Nxd6 Rb4 30. Qxb4 Qh2+ 31. Kf2 Rf6+ 32. Nf5+ 1-0

[Event "Titled Tuesday intern op 04th Feb Early"]
[Site "Chess.com INT"]
[Date "2025.02.04"]
[Round "3"]
[White "Gatterer, Florian"]
[Black "Vaishali, Ramesh Babu"]
[Result "0-1"]
[WhiteElo "2211"]
[BlackElo "2476"]
[PlyCount "56"]
[EventDate "2025.02.04"]
[EventType "swiss (blitz)"]
[EventRounds "11"]
[EventCountry "USA"]
[SourceTitle "CB07_2025"]
[SourceDate "2025.02.12"]
[SourceVersion "1"]
[SourceVersionDate "2025.02.12"]
[SourceQuality "1"]

1. d4 d6 2. e4 Nf6 3. Nc3 g6 4. Nf3 Bg7 5. Be3 Nc6 6. h3 0-0 7. Qd2 a6 8. e5 dxe5 9. dxe5 Qxd2+ 10. Bxd2 Nd7 11. Nd5 Ndxe5 12. Nxe5 Bxe5 13. 0-0-0 Be6 14. f4 Bxb2+ 15. Kxb2 Bxd5 16. Bc3 Rad8 17. h4 f6 18. h5 Bf7 19. Bd3 b5 20. a3 a5 21. Bxb5 Rb8 22. a4 Na7 23. Rd7 Nxb5 24. axb5 Rxb5+ 25. Ka3 Rc5 26. hxg6 hxg6 27. Bd4 Rxc2 28. Rb1 Ra2# 0-1

[Event "Titled Tuesday intern op 04th Feb Late"]
[Site "Chess.com INT"]
[Date "2025.02.04"]
[Round "1"]
[White "Mulawa, Cyprian"]
[Black "Gatterer, Florian"]
[Result "1-0"]
[WhiteElo "2327"]
[BlackElo "2211"]
[PlyCount "79"]
[EventDate "2025.02.04"]
[EventType "swiss (blitz)"]
[EventRounds "11"]
[EventCountry "USA"]
[SourceTitle "CB07_2025"]
[SourceDate "2025.02.12"]
[SourceVersion "1"]
[SourceVersionDate "2025.02.12"]
[SourceQuality "1"]

1. Nf3 d5 2. e3 Nf6 3. c4 e6 4. Nc3 Be7 5. b3 b6 6. Bb2 Bb7 7. cxd5 exd5 8. d4 0-0 9. Bd3 Bd6 10. 0-0 Ne4 11. Qc2 Re8 12. Ne5 Nd7 13. Nxe4 Bxe5 14. dxe5 dxe4 15. Bxe4 Bxe4 16. Qxe4 Nc5 17. Qg4 Qd2 18. Bd4 Ne6 19. Qd1 Qa5 20. Qc2 c5 21. Bc3 Qb5 22. Rad1 Rad8 23. f4 Rxd1 24. Rxd1 Rd8 25. f5 Rxd1+ 26. Qxd1 Nf8 27. e4 h6 28. h3 Qd7 29. Qd5 Qe8 30. Kh2 Kh7 31. a4 Qe7 32. a5 Qg5 33. Bd2 Qe7 34. a6 Nd7 35. Bf4 Nf8 36. Qb7 Qe8 37. Qxa7 b5 38. Qb7 Nd7 39. a7 Qa8 40. Qxa8 1-0

[Event "Titled Tuesday intern op 21st Jan Late"]
[Site "Chess.com INT"]
[Date "2025.01.21"]
[Round "1"]
[White "Gatterer, Florian"]
[Black "Dardha, Daniel"]
[Result "0-1"]
[WhiteElo "2211"]
[BlackElo "2645"]
[PlyCount "62"]
[EventDate "2025.01.21"]
[EventType "swiss (blitz)"]
[EventRounds "11"]
[EventCountry "USA"]
[SourceTitle "CB05_2025"]
[SourceDate "2025.01.29"]
[SourceVersion "1"]
[SourceVersionDate "2025.01.29"]
[SourceQuality "1"]

1. d4 Nf6 2. Nf3 b6 3. Bf4 Bb7 4. e3 Nh5 5. Bg5 h6 6. Bh4 g5 7. Nfd2 Ng7 8. Bg3 e6 9. e4 c5 10. c3 Nc6 11. d5 Ne7 12. c4 f5 13. Be5 Ng6 14. Bxg7 Bxg7 15. Qh5 Qf6 16. Nc3 0-0 17. g3 f4 18. 0-0-0 Ne5 19. h3 b5 20. cxb5 a6 21. b6 c4 22. Nxc4 Nxc4 23. Bxc4 Rac8 24. Bd3 Rxc3+ 25. bxc3 Qxc3+ 26. Bc2 fxg3 27. f4 Rxf4 28. Qe8+ Rf8 29. Qe7 Qb2+ 30. Kd2 Rf2+ 31. Kd3 Qc3# 0-1

[Event "Titled Tuesday intern op 21st Jan Late"]
[Site "Chess.com INT"]
[Date "2025.01.21"]
[Round "3"]
[White "Gatterer, Florian"]
[Black "Hernandez Jimenez, Alexander Andres"]
[Result "1/2-1/2"]
[WhiteElo "2211"]
[BlackElo "2043"]
[PlyCount "86"]
[EventDate "2025.01.21"]
[EventType "swiss (blitz)"]
[EventRounds "11"]
[EventCountry "USA"]
[SourceTitle "CB05_2025"]
[SourceDate "2025.01.29"]
[SourceVersion "1"]
[SourceVersionDate "2025.01.29"]
[SourceQuality "1"]

1. d4 Nf6 2. Nf3 e6 3. Bf4 b6 4. e3 Bb7 5. Be2 Be7 6. h3 d5 7. 0-0 Nbd7 8. a4 a5 9. Nbd2 0-0 10. c3 c5 11. Bb5 Ba6 12. Bxa6 Rxa6 13. Qe2 Ra8 14. Rfd1 Ne4 15. Nxe4 dxe4 16. Ne5 Nxe5 17. dxe5 Qc7 18. Qg4 Rfd8 19. Bg3 Qc6 20. Bh4 Bxh4 21. Qxh4 Rd3 22. Rxd3 exd3 23. Qc4 Qd5 24. Qb5 c4 25. Qxb6 Qxe5 26. Qc6 Rd8 27. Qxc4 h5 28. Rd1 d2 29. Kf1 Qh2 30. Qe4 Qb8 31. Qc2 Qd6 32. Ke2 Qa6+ 33. c4 Qc6 34. Rxd2 Rxd2+ 35. Qxd2 Qxc4+ 36. Kf3 Qxa4 37. Qd8+ Kh7 38. Qd3+ g6 39. b3 Qc6+ 40. Kg3 Qc7+ 41. Kf3 Qc6+ 42. Kg3 Qc7+ 43. Kf3 Qc6+ 1/2-1/2

[Event "Titled Tuesday intern op 21st Jan Late"]
[Site "Chess.com INT"]
[Date "2025.01.21"]
[Round "4"]
[White "Narva, Triin"]
[Black "Gatterer, Florian"]
[Result "0-1"]
[WhiteElo "2057"]
[BlackElo "2211"]
[PlyCount "90"]
[EventDate "2025.01.21"]
[EventType "swiss (blitz)"]
[EventRounds "11"]
[EventCountry "USA"]
[SourceTitle "CB05_2025"]
[SourceDate "2025.01.29"]
[SourceVersion "1"]
[SourceVersionDate "2025.01.29"]
[SourceQuality "1"]

1. e4 e5 2. Bc4 Nf6 3. d4 exd4 4. Nf3 Nc6 5. e5 Ne4 6. Bd5 Nc5 7. 0-0 Ne6 8. c3 dxc3 9. Nxc3 Be7 10. Be4 d6 11. Bxc6+ bxc6 12. Re1 0-0 13. Qa4 Bd7 14. Be3 d5 15. Qc2 Ng5 16. Nxg5 Bxg5 17. f4 Bh4 18. g3 Be7 19. Rad1 g6 20. Rd2 Qc8 21. a3 a5 22. Ne2 Qa6 23. Nc1 Bf5 24. Qc3 Rab8 25. Nb3 Rb5 26. Nd4 Be4 27. Nxb5 Qxb5 28. Rc1 c5 29. Bxc5 Bxc5+ 30. Qxc5 Qb3 31. Qc3 Qb6+ 32. Qc5 Qb3 33. Rc3 Qa2 34. Qxc7 Qa1+ 35. Rc1 Qa2 36. Qxa5 Qb3 37. Qc3 Qb7 38. b4 h5 39. Rd4 h4 40. Qc7 Qb5 41. Qc3 Qe2 42. Rd2 Qg4 43. Qe3 Qf5 44. Rc5 h3 45. Qf2 Qg4 0-1

[Event "Titled Tuesday intern op 14th Jan Early"]
[Site "Chess.com INT"]
[Date "2025.01.14"]
[Round "4"]
[White "Ambartsumova, Karina"]
[Black "Gatterer, Florian"]
[Result "1-0"]
[WhiteElo "2405"]
[BlackElo "2211"]
[PlyCount "99"]
[EventDate "2025.01.14"]
[EventType "swiss (blitz)"]
[EventRounds "11"]
[EventCountry "USA"]
[SourceTitle "CB04_2025"]
[SourceDate "2025.01.22"]
[SourceVersion "1"]
[SourceVersionDate "2025.01.22"]
[SourceQuality "1"]

1. d4 d5 2. c4 e6 3. Nc3 h6 4. Nf3 Nf6 5. cxd5 exd5 6. Bf4 Bd6 7. e3 0-0 8. Bg3 c6 9. Bd3 Bg4 10. Qc2 Re8 11. Ne5 Bxe5 12. Bxe5 Nbd7 13. Bg3 a5 14. 0-0 Qe7 15. Rae1 Ne4 16. f3 Nxg3 17. hxg3 Be6 18. g4 b5 19. Ne2 Rab8 20. Ng3 c5 21. dxc5 Nxc5 22. Bh7+ Kh8 23. Bf5 Rbc8 24. Qd2 b4 25. Rc1 Qh4 26. Bxe6 fxe6 27. Nh5 Qg5 28. Rc2 Nb7 29. Rfc1 Nd6 30. b3 Rxc2 31. Rxc2 Rc8 32. Rxc8+ Nxc8 33. Qd4 Nd6 34. Nf4 e5 35. Qxe5 Qxe5 36. Ng6+ Kg8 37. Nxe5 Nb5 38. Nc6 Nc3 39. Nxa5 Nxa2 40. Nc6 Nc1 41. Nxb4 Nxb3 42. Nxd5 Kf7 43. Kf2 Ke6 44. e4 g6 45. Ke3 h5 46. gxh5 gxh5 47. Nf4+ Ke5 48. Nxh5 Nd2 49. Kxd2 Kd4 50. g4 1-0

[Event "Titled Tuesday intern op 07th Jan Early"]
[Site "Chess.com INT"]
[Date "2025.01.07"]
[Round "3"]
[White "Garcia Pantoja, Roberto"]
[Black "Gatterer, Florian"]
[Result "1-0"]
[WhiteElo "2527"]
[BlackElo "2211"]
[PlyCount "83"]
[EventDate "2025.01.07"]
[EventType "swiss (blitz)"]
[EventRounds "11"]
[EventCountry "USA"]
[SourceTitle "CB03_2025"]
[SourceDate "2025.01.15"]
[SourceVersion "1"]
[SourceVersionDate "2025.01.15"]
[SourceQuality "1"]

1. e4 c5 2. Nf3 Nc6 3. Bb5 g6 4. Bxc6 dxc6 5. d3 Bg7 6. h3 e5 7. Be3 Qe7 8. Qd2 h6 9. Qc3 b6 10. b4 Nf6 11. bxc5 0-0 12. cxb6 axb6 13. Qxc6 Be6 14. Qxb6 Rfc8 15. c4 Nxe4 16. dxe4 Bxc4 17. Nbd2 Ba6 18. a4 Qd7 19. Qb3 Rab8 20. Qd5 Qc7 21. Rd1 Qc2 22. Qd6 Ra8 23. Ng1 Bf8 24. Qxe5 Rd8 25. Bd4 Rxd4 26. Qxd4 Bg7 27. Qe3 Bc3 28. Ne2 Ba5 29. 0-0 Rd8 30. Nd4 Qxa4 31. N2f3 Kh7 32. Qf4 Kg8 33. Ra1 Qb4 34. Nc6 Qc5 35. Nxa5 Bxf1 36. Kxf1 Qb5+ 37. Kg1 h5 38. Qe5 Qb6 39. Nc4 Qb3 40. Rc1 Rc8 41. Nfd2 Qa2 42. Qd5 1-0

[Event "Titled Tuesday intern op 26th Nov Late"]
[Site "Chess.com INT"]
[Date "2024.11.26"]
[Round "2"]
[White "Gatterer, Florian"]
[Black "Banawa, Joel Cholo"]
[Result "0-1"]
[WhiteElo "2211"]
[BlackElo "2414"]
[PlyCount "68"]
[EventDate "2024.11.26"]
[EventType "swiss (blitz)"]
[EventRounds "11"]
[EventCountry "USA"]
[SourceTitle "CB49_2024"]
[SourceDate "2024.12.04"]
[SourceVersion "1"]
[SourceVersionDate "2024.12.04"]
[SourceQuality "1"]

1. Nf3 d5 2. d4 c6 3. Bf4 Nf6 4. e3 Qb6 5. Nbd2 Qxb2 6. Rb1 Qa3 7. Rb3 Qa5 8. Bd3 Nbd7 9. 0-0 Nh5 10. Bg5 h6 11. Bh4 g5 12. Ne5 Nxe5 13. dxe5 gxh4 14. Qxh5 Qxd2 15. e6 Bxe6 16. Rxb7 Bg7 17. Qxh4 0-0 18. Rxe7 Qc3 19. Rxe6 fxe6 20. Qg4 Qf6 21. h4 Rab8 22. g3 e5 23. e4 Rb4 24. Qd7 dxe4 25. Be2 Rf7 26. Qc8+ Kh7 27. a3 Rd4 28. c3 Rd2 29. Qa6 Bf8 30. Qc4 Bc5 31. Qxe4+ Kh8 32. Kg2 Bxf2 33. Kh3 Qg7 34. Bh5 Qxg3# 0-1

[Event "Titled Tuesday intern op 24th Sep Early"]
[Site "Chess.com INT"]
[Date "2024.09.24"]
[Round "3"]
[White "Gatterer, Florian"]
[Black "Bukreev, Stanislav"]
[Result "0-1"]
[WhiteElo "2170"]
[BlackElo "2384"]
[PlyCount "114"]
[EventDate "2024.09.24"]
[EventType "swiss (blitz)"]
[EventRounds "11"]
[EventCountry "USA"]
[SourceTitle "EXT 2025"]
[Source "ChessBase"]
[SourceDate "2024.10.14"]
[SourceVersion "1"]
[SourceVersionDate "2024.10.14"]
[SourceQuality "1"]

1. d4 Nf6 2. Nf3 d5 3. c4 e6 4. Nc3 c5 5. cxd5 Nxd5 6. e4 Nxc3 7. bxc3 cxd4 8. cxd4 Bb4+ 9. Bd2 Bxd2+ 10. Qxd2 0-0 11. Bc4 Nd7 12. 0-0 b6 13. d5 Nf6 14. dxe6 Bxe6 15. Bxe6 Qxd2 16. Bxf7+ Rxf7 17. Nxd2 Rd8 18. Nf3 Nxe4 19. Rfe1 Nc5 20. Ne5 Rf6 21. g3 Rfd6 22. Re2 Rd2 23. Rae1 g6 24. Kg2 Kg7 25. Nc6 Rxe2 26. Rxe2 Rd7 27. h4 Kf6 28. f4 h5 29. Ne5 Rd1 30. Nf3 Nd3 31. Ne5 Nxe5 32. fxe5+ Ke6 33. Kf3 Rd5 34. Kf4 Rd4+ 35. Kf3 Ra4 36. Rc2 Kxe5 37. Rc6 Kf5 38. Rc2 Ra3+ 39. Kg2 a6 40. Rb2 b5 41. Rf2+ Ke5 42. Re2+ Kd4 43. Rf2 b4 44. Kh3 a5 45. Rf6 Rxa2 46. Rxg6 b3 47. Rd6+ Kc5 48. Rd8 b2 49. Rb8 a4 50. g4 hxg4+ 51. Kxg4 a3 52. h5 Ra1 53. h6 b1Q 54. h7 Qxh7 55. Rc8+ Kd6 56. Rc6+ Kxc6 57. Kg5 Rg1+ 0-1

[Event "Titled Tuesday intern op 24th Sep Early"]
[Site "Chess.com INT"]
[Date "2024.09.24"]
[Round "6"]
[White "Sanhueza, Cristian"]
[Black "Gatterer, Florian"]
[Result "0-1"]
[WhiteElo "2194"]
[BlackElo "2170"]
[PlyCount "136"]
[EventDate "2024.09.24"]
[EventType "swiss (blitz)"]
[EventRounds "11"]
[EventCountry "USA"]
[SourceTitle "EXT 2025"]
[Source "ChessBase"]
[SourceDate "2024.10.14"]
[SourceVersion "1"]
[SourceVersionDate "2024.10.14"]
[SourceQuality "1"]

1. e4 d6 2. d4 Nf6 3. Nc3 g6 4. Nf3 Bg7 5. h3 a6 6. Be3 b5 7. Bd3 Bb7 8. e5 Nd5 9. e6 f6 10. Qe2 Nxe3 11. Qxe3 Nc6 12. d5 Nb4 13. 0-0-0 c5 14. g4 Qa5 15. a3 Nxd3+ 16. Qxd3 0-0 17. h4 f5 18. h5 b4 19. Nb1 c4 20. Qxc4 bxa3 21. bxa3 Rac8 22. Qb4 Qc7 23. c3 fxg4 24. Ng5 a5 25. Qb2 Rf5 26. hxg6 hxg6 27. Qd2 Rxd5 28. Qe3 Rxd1+ 29. Kxd1 Qc6 30. Rh7 Qd5+ 31. Ke1 Qe5 32. Qxe5 Bxe5 33. Rxe7 Bf6 34. Rxb7 Bxg5 35. e7 Re8 36. Kd1 Rxe7 37. Rb8+ Kf7 38. Rb6 Bf4 39. Kc2 Be5 40. Kd3 Ke6 41. Nd2 Rf7 42. Ne4 Rf3+ 43. Ke2 Rf4 44. Nc5+ Kd5 45. Nd3 Rf8 46. Rb5+ Kc4 47. Rxa5 Kxc3 48. Nxe5 dxe5 49. Rxe5 Rb8 50. Ke3 Kc4 51. Ra5 Rb3+ 52. Kf4 Rb2 53. Kg3 Rb3+ 54. Kxg4 Rb2 55. f4 Rg2+ 56. Kf3 Rg1 57. Ra8 Rf1+ 58. Kg4 Rg1+ 59. Kf3 Rf1+ 60. Ke3 Rg1 61. a4 Kb4 62. a5 Kb5 63. a6 Kb6 64. Ke4 Kc7 65. Ke5 g5 66. f5 Re1+ 67. Kf6 g4 68. Rg8 Kb6 0-1

[Event "Titled Tuesday intern op 17th Sep Early"]
[Site "Chess,com INT"]
[Date "2024.09.17"]
[Round "2"]
[White "Gatterer, Florian"]
[Black "Zavortink, Matt B"]
[Result "1/2-1/2"]
[WhiteElo "2170"]
[BlackElo "2135"]
[PlyCount "126"]
[EventDate "2024.09.17"]
[EventType "swiss (blitz)"]
[EventRounds "11"]
[EventCountry "USA"]
[SourceTitle "EXT 2025"]
[Source "ChessBase"]
[SourceDate "2024.10.14"]
[SourceVersion "1"]
[SourceVersionDate "2024.10.14"]
[SourceQuality "1"]

1. d4 Nf6 2. Nf3 g6 3. Nbd2 Bg7 4. e4 d6 5. Bb5+ c6 6. Bd3 0-0 7. 0-0 Nbd7 8. Re1 e5 9. c3 Re8 10. dxe5 dxe5 11. h3 Nc5 12. Bc2 Nd3 13. Bxd3 Qxd3 14. Qe2 Qxe2 15. Rxe2 b6 16. Re1 Ba6 17. Nb3 Rad8 18. Bg5 h6 19. Bh4 g5 20. Bg3 Nd7 21. Rad1 Bc4 22. Rd2 Bxb3 23. axb3 Nc5 24. Rxd8 Rxd8 25. b4 Ne6 26. Nxe5 Bxe5 27. Bxe5 Rd2 28. Ra1 Rxb2 29. Rxa7 Rb1+ 30. Kh2 Re1 31. f3 Re2 32. Kg3 f6 33. Bxf6 Nf4 34. Kg4 Rxg2+ 35. Kf5 Rf2 36. Be5 Rxf3 37. Bxf4 Rxf4+ 38. Kg6 Kf8 39. e5 g4 40. hxg4 Rxg4+ 41. Kf5 Rc4 42. Kf6 Rf4+ 43. Ke6 Rc4 44. Rb7 Rxc3 45. Rxb6 h5 46. Rb7 h4 47. Rh7 Rc4 48. Kf5 Rxb4 49. e6 c5 50. Rf7+ Ke8 51. Rc7 Rb1 52. Rxc5 Rf1+ 53. Ke5 h3 54. Rc8+ Ke7 55. Rh8 Rf3 56. Rh7+ Ke8 57. Kd6 Rd3+ 58. Ke5 Re3+ 59. Kf5 Rf3+ 60. Ke4 Ra3 61. Ke5 Re3+ 62. Kf6 Rf3+ 63. Ke5 Re3+ 1/2-1/2

[Event "Titled Tuesday intern op 17th Sep Late"]
[Site "Chess,com INT"]
[Date "2024.09.17"]
[Round "5"]
[White "Polok, Kacper"]
[Black "Gatterer, Florian"]
[Result "1/2-1/2"]
[WhiteElo "2233"]
[BlackElo "2170"]
[PlyCount "97"]
[EventDate "2024.09.17"]
[EventType "swiss (blitz)"]
[EventRounds "11"]
[EventCountry "USA"]
[SourceTitle "EXT 2025"]
[Source "ChessBase"]
[SourceDate "2024.10.14"]
[SourceVersion "1"]
[SourceVersionDate "2024.10.14"]
[SourceQuality "1"]

1. e4 c5 2. Nc3 Nc6 3. Bb5 Nd4 4. Bc4 e6 5. Nf3 Nf6 6. 0-0 d5 7. exd5 exd5 8. Nxd5 Nxd5 9. Nxd4 cxd4 10. Qh5 Be6 11. Re1 Be7 12. Rxe6 g6 13. Qe5 fxe6 14. Qxh8+ Kd7 15. Qxd8+ Rxd8 16. c3 Bf6 17. Rb1 Ke7 18. Kf1 a6 19. cxd4 Bxd4 20. d3 b5 21. Bg5+ Bf6 22. Bxf6+ Nxf6 23. Bb3 Rxd3 24. Ke2 Rd4 25. Rd1 Rxd1 26. Kxd1 Ne4 27. Ke2 Nc5 28. Bc2 b4 29. Ke3 e5 30. h4 Kf6 31. h5 Kg5 32. hxg6 hxg6 33. g3 a5 34. f4+ Kf6 35. fxe5+ Kxe5 36. Bxg6 Na4 37. g4 Nxb2 38. g5 Nc4+ 39. Kd3 Nb6 40. Ke3 Nd5+ 41. Kd2 Nc3 42. Bf7 Kf5 43. g6 Kf6 44. Kc2 Nxa2 45. Bxa2 Kxg6 46. Kb3 Kf6 47. Ka4 Kg5 48. Kxa5 Kf4 49. Kxb4 1/2-1/2

[Event "Titled Tuesday intern op 17th Sep Late"]
[Site "Chess,com INT"]
[Date "2024.09.17"]
[Round "9"]
[White "Shakirov, Marat"]
[Black "Gatterer, Florian"]
[Result "1-0"]
[WhiteElo "2167"]
[BlackElo "2170"]
[PlyCount "115"]
[EventDate "2024.09.17"]
[EventType "swiss (blitz)"]
[EventRounds "11"]
[EventCountry "USA"]
[SourceTitle "EXT 2025"]
[Source "ChessBase"]
[SourceDate "2024.10.14"]
[SourceVersion "1"]
[SourceVersionDate "2024.10.14"]
[SourceQuality "1"]

1. d4 Nf6 2. c4 g6 3. Nc3 Bg7 4. e4 d6 5. Be2 0-0 6. Be3 Nc6 7. Nf3 e5 8. d5 Ne7 9. Nd2 Nh5 10. Bxh5 gxh5 11. Qxh5 f5 12. Bg5 Bf6 13. Bxf6 Rxf6 14. f4 Ng6 15. fxe5 dxe5 16. 0-0 f4 17. Nf3 Qe7 18. a3 Bd7 19. b4 Kh8 20. c5 Rg8 21. d6 Qg7 22. Nd5 Ne7 23. Ra2 Nxd5 24. exd5 e4 25. Ne5 Rf5 26. Ng6+ Qxg6 27. Qxg6 hxg6 28. dxc7 Rxd5 29. Rxf4 Kg7 30. Rxe4 Bf5 31. Re7+ Kf6 32. Rae2 Rc8 33. h3 Rd7 34. Rxd7 Bxd7 35. Rd2 Rxc7 36. Rd6+ Ke7 37. Rxg6 Be6 38. Rg7+ Bf7 39. g4 Kf6 40. Rh7 Rc8 41. Kh2 Kg6 42. Rh5 b6 43. cxb6 axb6 44. Rb5 Rc2+ 45. Kg3 Rc6 46. h4 Bc4 47. Rg5+ Kf6 48. a4 b5 49. axb5 Rb6 50. Rh5 Rxb5 51. Rxb5 Bxb5 52. Kf4 Kg6 53. h5+ Kh6 54. Kf5 Be2 55. Kf4 Bb5 56. Kf5 Bd3+ 57. Kf6 Be2 58. g5+ 1-0

[Event "Titled Tuesday intern op 10th Sep Late"]
[Site "Chess,com INT"]
[Date "2024.09.10"]
[Round "9"]
[White "Barbaric, Vuk Tadija"]
[Black "Gatterer, Florian"]
[Result "1-0"]
[WhiteElo "2147"]
[BlackElo "2170"]
[PlyCount "77"]
[EventDate "2024.09.10"]
[EventType "swiss (blitz)"]
[EventRounds "11"]
[EventCountry "USA"]
[SourceTitle "EXT 2025"]
[Source "ChessBase"]
[SourceDate "2024.10.14"]
[SourceVersion "1"]
[SourceVersionDate "2024.10.14"]
[SourceQuality "1"]

1. e4 c6 2. Nf3 d5 3. d3 Bg4 4. h3 Bxf3 5. Qxf3 e6 6. Nc3 g6 7. g3 Bg7 8. Bg2 Ne7 9. 0-0 0-0 10. Bg5 f6 11. Bd2 Nd7 12. Rad1 f5 13. Qe2 fxe4 14. dxe4 d4 15. Nb1 e5 16. c3 c5 17. Na3 Kh8 18. Nc4 Nc6 19. a4 b6 20. f4 Qc7 21. f5 gxf5 22. exf5 Rae8 23. Be4 Nf6 24. g4 a6 25. Bg5 Nxe4 26. Qxe4 b5 27. axb5 axb5 28. Na3 Bf6 29. Bxf6+ Rxf6 30. g5 Rff8 31. Nxb5 Qb6 32. Nd6 Rc8 33. Nxc8 Rxc8 34. f6 c4 35. Kh1 d3 36. f7 Rf8 37. Rf6 Qxb2 38. Rxc6 Qc2 39. Qxe5# 1-0

[Event "Titled Tuesday intern op 10th Sep Late"]
[Site "Chess,com INT"]
[Date "2024.09.10"]
[Round "2"]
[White "Gatterer, Florian"]
[Black "Lewtak, Damian"]
[Result "0-1"]
[WhiteElo "2170"]
[BlackElo "2356"]
[PlyCount "168"]
[EventDate "2024.09.10"]
[EventType "swiss (blitz)"]
[EventRounds "11"]
[EventCountry "USA"]
[SourceTitle "EXT 2025"]
[Source "ChessBase"]
[SourceDate "2024.10.14"]
[SourceVersion "1"]
[SourceVersionDate "2024.10.14"]
[SourceQuality "1"]

1. d4 Nf6 2. Nf3 e6 3. Bf4 d5 4. e3 Bd6 5. Nbd2 Bxf4 6. exf4 b6 7. c3 0-0 8. a4 Ba6 9. Bxa6 Nxa6 10. Qe2 Nb8 11. a5 Nbd7 12. 0-0 c6 13. axb6 axb6 14. Ne5 Nxe5 15. fxe5 Nd7 16. f4 Qe7 17. Ra6 Rxa6 18. Qxa6 f6 19. Nf3 c5 20. Qb5 Rc8 21. Re1 f5 22. Qa6 Qd8 23. Ng5 Nf8 24. Qb7 Qc7 25. Qa6 cxd4 26. cxd4 h6 27. Nf3 Ng6 28. g3 Qc6 29. Qf1 Qc4 30. Qxc4 dxc4 31. Rc1 Ne7 32. Nd2 b5 33. Kf2 Nd5 34. Ra1 b4 35. Ra6 c3 36. bxc3 bxc3 37. Nb3 Rb8 38. Nc1 Rb1 39. Nd3 Rb2+ 40. Kf3 Rd2 41. Ne1 Nc7 42. Rc6 Nb5 43. Rc4 Nxd4+ 44. Ke3 Rd1 45. Rxc3 Rxe1+ 46. Kxd4 Re2 47. Rc6 Kf7 48. Rc7+ Kf8 49. Rc8+ Ke7 50. Rc7+ Kf8 51. Rc8+ Kf7 52. Rc7+ Kg6 53. Re7 Rxh2 54. Rxe6+ Kf7 55. Rb6 Rg2 56. e6+ Kf6 57. e7+ Kxe7 58. Ke5 Rxg3 59. Kxf5 Kf7 60. Rb7+ Kg8 61. Ke6 Rf3 62. f5 Re3+ 63. Kd5 h5 64. Rb4 Kf7 65. Rh4 Kf6 66. Rxh5 Re5+ 67. Kd4 Rxf5 68. Rh2 g5 69. Ke4 Rf4+ 70. Ke3 Kf5 71. Rg2 g4 72. Rh2 Rf3+ 73. Ke2 Kf4 74. Rg2 g3 75. Rg1 Rf2+ 76. Ke1 Kf3 77. Rh1 Ra2 78. Rh7 Ra1+ 79. Kd2 g2 80. Rf7+ Ke4 81. Re7+ Kd5 82. Rg7 g1Q 83. Rg5+ Qxg5+ 84. Kc2 Qc1+ 0-1

[Event "Titled Tuesday intern op 10th Sep Late"]
[Site "Chess,com INT"]
[Date "2024.09.10"]
[Round "5"]
[White "Gatterer, Florian"]
[Black "Manteiga, Franco"]
[Result "0-1"]
[WhiteElo "2170"]
[BlackElo "2006"]
[PlyCount "122"]
[EventDate "2024.09.10"]
[EventType "swiss (blitz)"]
[EventRounds "11"]
[EventCountry "USA"]
[SourceTitle "EXT 2025"]
[Source "ChessBase"]
[SourceDate "2024.10.14"]
[SourceVersion "1"]
[SourceVersionDate "2024.10.14"]
[SourceQuality "1"]

1. d4 Nf6 2. Bg5 e6 3. e4 h6 4. Bxf6 Qxf6 5. c3 g6 6. Bd3 Bg7 7. Ne2 d6 8. 0-0 Nd7 9. f4 Qe7 10. e5 0-0 11. Nd2 c5 12. Ne4 cxd4 13. Nxd6 dxc3 14. Nxc3 Nxe5 15. fxe5 Bxe5 16. Nc4 Bc7 17. Qf3 e5 18. Kh1 Be6 19. Ne3 f5 20. Ned5 Qd6 21. Nxc7 Qxc7 22. Rac1 Rac8 23. Qg3 Kg7 24. Ne2 Qd6 25. Rxc8 Rxc8 26. h3 Bxa2 27. Rc1 Rxc1+ 28. Nxc1 Bd5 29. Qe3 Bc6 30. Bf1 e4 31. Qc3+ Qf6 32. Qxf6+ Kxf6 33. Kg1 Ke5 34. Kf2 f4 35. g3 e3+ 36. Ke2 g5 37. Nd3+ Kd4 38. gxf4 Bb5 39. Ke1 Bxd3 40. Bxd3 gxf4 41. Be2 Ke4 42. Bh5 f3 43. Bg6+ Kf4 44. Bd3 Kg3 45. Bf5 Kg2 46. Be4 Kg3 47. Bf5 e2 48. Bc8 b6 49. Kd2 Kg2 50. Bb7 Kf2 51. Bxf3 e1Q+ 52. Kd3 Qe3+ 53. Kc4 Qxf3 54. Kb5 Qxh3 55. Ka6 Qg3 56. Kb7 h5 57. Ka8 h4 58. Kb7 h3 59. Ka6 h2 60. Kb7 h1Q+ 61. Kc8 Qh7 0-1

[Event "Titled Tuesday intern op 03rd Sep Early"]
[Site "Chess.com INT"]
[Date "2024.09.03"]
[Round "4"]
[White "Ebrahimi Herab, Hamidreza"]
[Black "Gatterer, Florian"]
[Result "1-0"]
[WhiteElo "2386"]
[BlackElo "2170"]
[PlyCount "43"]
[EventDate "2024.09.03"]
[EventType "swiss (blitz)"]
[EventRounds "11"]
[EventCountry "USA"]
[SourceTitle "EXT 2025"]
[Source "ChessBase"]
[SourceDate "2024.10.14"]
[SourceVersion "1"]
[SourceVersionDate "2024.10.14"]
[SourceQuality "1"]

1. d4 Nf6 2. c4 g6 3. Nc3 d5 4. Nf3 Bg7 5. Qb3 dxc4 6. Qxc4 Be6 7. Qb5+ Bd7 8. Qb3 c5 9. d5 b5 10. e4 b4 11. e5 bxc3 12. exf6 Bxf6 13. bxc3 0-0 14. Be2 c4 15. Qa3 e6 16. dxe6 Bxe6 17. 0-0 Nc6 18. Bh6 Re8 19. Rfd1 Qa5 20. Qd6 Rac8 21. Bxc4 Bxc4 22. Qxf6 1-0

[Event "Titled Tuesday intern op 03rd Sep Early"]
[Site "Chess.com INT"]
[Date "2024.09.03"]
[Round "5"]
[White "Melamed, Daniel"]
[Black "Gatterer, Florian"]
[Result "1/2-1/2"]
[WhiteElo "2052"]
[BlackElo "2170"]
[PlyCount "117"]
[EventDate "2024.09.03"]
[EventType "swiss (blitz)"]
[EventRounds "11"]
[EventCountry "USA"]
[SourceTitle "EXT 2025"]
[Source "ChessBase"]
[SourceDate "2024.10.14"]
[SourceVersion "1"]
[SourceVersionDate "2024.10.14"]
[SourceQuality "1"]

1. d4 Nf6 2. Nf3 g6 3. Nc3 d5 4. Bf4 Bg7 5. e3 0-0 6. Be2 c5 7. Ne5 Nc6 8. Qd2 Ne4 9. Nxe4 dxe4 10. Nxc6 bxc6 11. c3 cxd4 12. exd4 Qa5 13. Bh6 f5 14. Bxg7 Kxg7 15. Qf4 Be6 16. h4 h6 17. 0-0 Rab8 18. b4 Qd5 19. Rfd1 Qd6 20. Qe5+ Qxe5 21. dxe5 Rfd8 22. g3 Kf7 23. a4 Bb3 24. Rxd8 Rxd8 25. a5 Ke6 26. Rb1 Bc2 27. Rb2 Bd3 28. Rd2 Kxe5 29. f4+ Kf6 30. Bxd3 exd3 31. Kf2 e5 32. fxe5+ Kxe5 33. Ke3 g5 34. hxg5 hxg5 35. Rxd3 f4+ 36. gxf4+ gxf4+ 37. Ke2 Rh8 38. Rd7 Rh3 39. Re7+ Kd5 40. Rxa7 Rxc3 41. Rf7 Ke4 42. a6 Rc2+ 43. Kd1 Ra2 44. a7 f3 45. Re7+ Kd3 46. Ke1 Kc4 47. Rc7 Kb5 48. Rb7+ Kc4 49. Rc7 Kd5 50. Kf1 Kd6 51. Rb7 Ke5 52. Rc7 Kd5 53. Rb7 Kc4 54. Rc7 Kxb4 55. Rxc6 Rxa7 56. Rf6 Ra3 57. Kf2 Kc4 58. Rxf3 Rxf3+ 59. Kxf3 1/2-1/2